<?xml version="1.0" encoding="UTF-8"?>
<record
    xmlns:xsi="http://www.w3.org/2001/XMLSchema-instance"
    xsi:schemaLocation="http://www.loc.gov/MARC21/slim http://www.loc.gov/standards/marcxml/schema/MARC21slim.xsd"
    xmlns="http://www.loc.gov/MARC21/slim">

  <leader>01058nam a22001937a 4500</leader>
  <controlfield tag="008">090721t        xxu||||| |||| 00| 0 eng d</controlfield>
  <datafield tag="020" ind1=" " ind2=" ">
    <subfield code="a">9770912319</subfield>
  </datafield>
  <datafield tag="082" ind1=" " ind2=" ">
    <subfield code="a">910.92</subfield>
    <subfield code="b">&#x630; &#x647; &#x646;</subfield>
  </datafield>
  <datafield tag="245" ind1=" " ind2=" ">
    <subfield code="a">:&#x631;&#x624;&#x64A;&#x629; &#x627;&#x644;&#x631;&#x62D;&#x627;&#x644;&#x629; &#x627;&#x644;&#x623;&#x648;&#x631;&#x648;&#x628;&#x64A;&#x64A;&#x646; &#x644;&#x645;&#x635;&#x631;</subfield>
    <subfield code="b">/&#x628;&#x64A;&#x646; &#x627;&#x644;&#x646;&#x632;&#x639;&#x629; &#x627;&#x644;&#x627;&#x646;&#x633;&#x627;&#x646;&#x64A;&#x629; &#x648;&#x627;&#x644;&#x627;&#x633;&#x62A;&#x639;&#x645;&#x627;&#x631;&#x64A;&#x629;</subfield>
    <subfield code="c">&#x627;&#x644;&#x647;&#x627;&#x645; &#x645;&#x62D;&#x645;&#x62F; &#x630;&#x647;&#x646;&#x649;</subfield>
  </datafield>
  <datafield tag="260" ind1=" " ind2=" ">
    <subfield code="a">:&#x627;&#x644;&#x642;&#x627;&#x647;&#x631;&#x629;</subfield>
    <subfield code="b">&#x60C;&#x62F;&#x627;&#x631; &#x627;&#x644;&#x634;&#x631;&#x648;&#x642;</subfield>
    <subfield code="c">2005</subfield>
  </datafield>
  <datafield tag="300" ind1=" " ind2=" ">
    <subfield code="a">176&#x61B; &#x635;</subfield>
    <subfield code="c">20 &#x633;&#x645;</subfield>
  </datafield>
  <datafield tag="490" ind1=" " ind2=" ">
    <subfield code="a">&#x627;&#x644;&#x62A;&#x627;&#x631;&#x64A;&#x62E;- &#x627;&#x644;&#x62C;&#x627;&#x646;&#x628; &#x627;&#x644;&#x622;&#x62E;&#x631;- &#x627;&#x639;&#x627;&#x62F;&#x629; &#x642;&#x631;&#x627;&#x621;&#x629; &#x644;&#x644;&#x62A;&#x627;&#x631;&#x64A;&#x62E; &#x627;&#x644;&#x645;&#x635;&#x631;&#x649;</subfield>
    <subfield code="v">&#x61B;6</subfield>
  </datafield>
  <datafield tag="650" ind1=" " ind2=" ">
    <subfield code="9">8089</subfield>
    <subfield code="a">&#x627;&#x644;&#x631;&#x62D;&#x627;&#x644;&#x629;</subfield>
  </datafield>
  <datafield tag="650" ind1=" " ind2=" ">
    <subfield code="9">8090</subfield>
    <subfield code="a">&#x627;&#x644;&#x631;&#x62D;&#x644;&#x627;&#x62A;</subfield>
  </datafield>
  <datafield tag="650" ind1=" " ind2=" ">
    <subfield code="9">8091</subfield>
    <subfield code="a">&#x627;&#x644;&#x645;&#x633;&#x62A;&#x643;&#x634;&#x641;&#x648;&#x646;</subfield>
  </datafield>
  <datafield tag="942" ind1=" " ind2=" ">
    <subfield code="2">ddc</subfield>
    <subfield code="c">BB</subfield>
  </datafield>
  <datafield tag="999" ind1=" " ind2=" ">
    <subfield code="c">12384</subfield>
    <subfield code="d">12384</subfield>
  </datafield>
  <datafield tag="952" ind1=" " ind2=" ">
    <subfield code="0">0</subfield>
    <subfield code="1">0</subfield>
    <subfield code="2">ddc</subfield>
    <subfield code="4">0</subfield>
    <subfield code="7">0</subfield>
    <subfield code="8">Alef-Baa</subfield>
    <subfield code="a">MAIN</subfield>
    <subfield code="b">MAIN</subfield>
    <subfield code="c">2ND</subfield>
    <subfield code="d">2009-07-21</subfield>
    <subfield code="e">purchase</subfield>
    <subfield code="l">5</subfield>
    <subfield code="m">10</subfield>
    <subfield code="o">910.92 &#x631;&#x624;&#x64A;</subfield>
    <subfield code="p">000017365</subfield>
    <subfield code="r">2025-07-15 00:00:00</subfield>
    <subfield code="s">2019-11-19</subfield>
    <subfield code="w">2009-07-21</subfield>
    <subfield code="y">BB</subfield>
  </datafield>
  <datafield tag="952" ind1=" " ind2=" ">
    <subfield code="0">0</subfield>
    <subfield code="1">0</subfield>
    <subfield code="2">ddc</subfield>
    <subfield code="4">0</subfield>
    <subfield code="7">0</subfield>
    <subfield code="8">Alef-Baa</subfield>
    <subfield code="a">MAIN</subfield>
    <subfield code="b">MAIN</subfield>
    <subfield code="c">2ND</subfield>
    <subfield code="d">2009-07-22</subfield>
    <subfield code="e">purchase</subfield>
    <subfield code="l">0</subfield>
    <subfield code="o">910.92 &#x631;&#x624;&#x64A;</subfield>
    <subfield code="p">000017359</subfield>
    <subfield code="r">2025-07-15 00:00:00</subfield>
    <subfield code="w">2009-07-22</subfield>
    <subfield code="y">NB</subfield>
  </datafield>
</record>
